| 000 | 00575cam a2200205 a 4500 | ||
|---|---|---|---|
| 020 | _a0471587095 (alk. paper : pbk.) | ||
| 040 | _cDLC | ||
| 082 | 0 | 0 | _a005 WIL 1993 A007 Or. |
| 100 | 1 | _aStern, Nancy B. | |
| 245 | 1 | 0 | _aGetting started with structured BASIC / |
| 250 | _a2nd ed. | ||
| 260 |
_aNew York : _bWiley, _cc1993. |
||
| 300 |
_ax, 146 p. : _bill. ; _c26 cm. |
||
| 500 | _aOn cover: For the IMB PC. | ||
| 500 | _aIncludes index. | ||
| 650 | 0 | _aBASIC (Computer program language) | |
| 650 | 0 | _aStructured programming. | |
| 700 | 1 | _aStern, Robert A. | |
| 942 | _cEK | ||
| 999 |
_c12532 _d12532 |
||